书目信息 |
| 题名: |
钣金自动展开计算机程序设计
|
|
| 作者: | 武文义 著 | |
| 分册: | ||
| 出版信息: | 北京 建材版 2000.09 |
|
| 页数: | 481页 | |
| 开本: | 16开 | |
| 丛书名: | ||
| 单 册: | ||
| 中图分类: | TG385.9 | |
| 科图分类: | ||
| 主题词: | 冷冲击 , 钣金工 | |
| 电子资源: | ||
| ISBN: | 7-80159-046-5 | |
| 000 | 00610nam0 2200217 45 | |
| 001 | 0102231565 | |
| 005 | 20010223152423.3 | |
| 010 | @a7-80159-046-5@d58.00元 | |
| 100 | @a20010223d2000 km y0chiy0120 ea | |
| 101 | 0 | @achi |
| 105 | @a z 000yy | |
| 200 | 1 | @a钣金自动展开计算机程序设计@ABan Jin Zi Dong Zhan Kai Ji Suan Ji Cheng Xu She Ji@f武文义,著@FWu Wen Yi,Zhu |
| 210 | @a北京@c建材版@d2000.09 | |
| 215 | @a481页@d16开 | |
| 606 | 0 | @a冷冲击 |
| 606 | 0 | @a钣金工 |
| 690 | @aTG385.9@v3 | |
| 701 | 0 | @a武文义@4著 |
| 701 | 0 | @4著 |
| 801 | @aCN@bPftUser@c20010223 | |
| 905 | @b324039-041@dTG385.9@eW927@f3 | |
| 钣金自动展开计算机程序设计/武文义,著.-北京:建材版,2000.09 |
| 481页;16开 |
| ISBN 7-80159-046-5:58.00元 |
| ● |
| 相关链接 |
|
|
|
正题名:钣金自动展开计算机程序设计
索取号:TG385.9/W927
 
预约/预借
| 序号 | 登录号 | 条形码 | 馆藏地/架位号 | 状态 | 备注 |
| 1 | 324039 | 203240395 | 自科库501/501自科库 26排3列2层/ [索取号:TG385.9/W927] | 在馆 | |
| 2 | 324040 | 203240402 | 期刊室512/501自科库 26排3列2层/ [索取号:TG385.9/W927] | 在馆 | |
| 3 | 324041 | 203240411 | 自科二线400A/400A自科库 27排2列2层/ [索取号:TG385.9/W927] | 在馆 |